| 000 | 00431nam a2200157 a 4500 | ||
|---|---|---|---|
| 005 | 20210223121620.0 | ||
| 008 | 991125s1960 rom 000 0 ita u | ||
| 035 | _aUPN01000020957 | ||
| 049 | _aCG | ||
| 050 | 4 |
_aL421 _bE8.3 |
|
| 245 | 0 | 2 | _aL'espansione scolastica. |
| 260 |
_aRoma : _bFratelli Palombi, _c1960. |
||
| 300 | _a18 p., 61 h. principalmente il. | ||
| 650 | 4 |
_aEDUCACION - _vESTADISTICA - _zITALIA _97310 |
|
| 905 | _aLibro | ||
| 999 |
_c20957 _d20957 |
||